The changing village in India: (Record no. 101960)

MARC details
000 -LEADER
fixed length control field 01135nam a22002537a 4500
005 - DATE AND TIME OF LATEST TRANSACTION
control field 20230302165624.0
010 ## - LCCN (DPL NO)
LC control number ENG-136307 1617EN ENG-117138
020 ## - INTERNATIONAL STANDARD BOOK NUMBER
International Standard Book Number 9780199461868
Terms of availability 1495.00
035 ## - SYSTEM CONTROL NUMBER
System control number B-650143-150 EN-119839
035 ## - SYSTEM CONTROL NUMBER
System control number EN-100670
037 ## - SOURCE OF ACQUISITION
Source of stock number/acquisition Uppal
Stock number dpl
037 ## - SOURCE OF ACQUISITION
Source of stock number/acquisition DBAD/PUB
082 ## - DEWEY DECIMAL CLASSIFICATION NUMBER
Classification number 307.7620954
245 ## - TITLE STATEMENT
Title The changing village in India:
Statement of responsibility, etc edited by Himanshu, Praveen Jha and Gerry Rodgers
Remainder of title insights from longitudinal research /
260 ## - PUBLICATION, DISTRIBUTION, ETC. (IMPRINT)
Date of publication, distribution, etc 2016
Place of publication, distribution, etc New Delhi
Name of publisher, distributor, etc Oxford University Press
270 ## - ADDRESS
Address YMCA Library Building, 1, Jai Singh Road,
City New Delhi
Postal code 110001.
300 ## - PHYSICAL DESCRIPTION
Dimensions 22cm(Hb)
Extent vii,498p.:
Other physical details illus.
710 ## - ADDED ENTRY--CORPORATE NAME
Corporate name or jurisdiction name as entry element Himanshu, Praveen Jha and Gerry Rodgers
710 ## - ADDED ENTRY--CORPORATE NAME
Corporate name or jurisdiction name as entry element Jha, Praveen
710 ## - ADDED ENTRY--CORPORATE NAME
Corporate name or jurisdiction name as entry element Rodgers,Gerry
942 ## - ADDED ENTRY ELEMENTS (KOHA)
Item type English Books
Source of classification or shelving scheme Dewey Decimal Classification
Classification part 305.420954
Call number suffix CHA
Holdings
Withdrawn status Lost status Not for loan Collection code Home library Current library Date acquired Source of acquisition Cost, normal purchase price Full call number Barcode Copy number Cost, replacement price Koha item type
      Non-fiction Ashok Vihar Ashok Vihar 01/03/2018 Uppal/14146/27.2.2017/EN/AV/473/15.2.2017/7.3.2017 1495.00 305.420954 CHA B-664933 1 1495.00 English Books
      Non-fiction Central Library Central Library 15/03/2017 BPPD/EN/2016-17/307/24.11.2016/13893/05.12.2016/02.01.2017 1495.00 305.420954 CHA B-650143 1 1495.00 English Books
      Non-fiction Janak Puri Janak Puri 15/03/2017 BPPD/EN/2016-17/307/24.11.2016/13893/05.12.2016/02.01.2017 1495.00 305.420954 CHA B-650146 1 1495.00 English Books
      Non-fiction Karol Bagh Karol Bagh 15/03/2017 BPPD/EN/2016-17/307/24.11.2016/13893/05.12.2016/02.01.2017 1495.00 305.420954 CHA B-650148 1 1495.00 English Books
      Non-fiction New Police Line New Police Line 15/03/2017 BPPD/EN/2016-17/307/24.11.2016/13893/05.12.2016/02.01.2017 1495.00 305.420954 CHA B-650144 1 1495.00 English Books
      Non-fiction Patel Nagar Patel Nagar 15/03/2017 BPPD/EN/2016-17/307/24.11.2016/13893/05.12.2016/02.01.2017 1495.00 305.420954 CHA B-650145 1 1495.00 English Books
      Non-fiction Sarojini Nagar Sarojini Nagar 15/03/2017 BPPD/EN/2016-17/307/24.11.2016/13893/05.12.2016/02.01.2017 1495.00 305.420954 CHA B-650147 1 1495.00 English Books
      Non-fiction Sarojini Nagar Sarojini Nagar 02/03/2023 DBAD/PUB 1495.00 307.7620954 CHA EN-119839 1 1495.00 English Books
      Non-fiction Shahdara Branch Shahdara Branch 15/03/2017 BPPD/EN/2016-17/307/24.11.2016/13893/05.12.2016/02.01.2017 1495.00 305.420954 CHA B-650149 1 1495.00 English Books
      Non-fiction Shahdara Branch Shahdara Branch 27/07/2023 DBAD/PUB 1495.00 305.420954 CHA EN-100670 1 1495.00 English Books
      Non-fiction Yojana Vihar Yojana Vihar 15/03/2017 BPPD/EN/2016-17/307/24.11.2016/13893/05.12.2016/02.01.2017 1495.00 305.420954 CHA B-650150 1 1495.00 English Books

© Delhi Public Library
Hit Counter
free hit counter